Изкуството на психоанализата (Запис номер 2531)
[ съкратено ]
| 000 -Лидер | |
|---|---|
| Контролно поле с фиксирана дължина | 01616nam a2200385 a 4500 |
| 003 - Код на организацията, давaща контролен номер | |
| Контролно поле | BLK |
| 005 - Дата и час на последна редакция | |
| Контролно поле | 20240124131559.0 |
| 008 - Елементи от данни с фиксирана дължина | |
| fixed length control field | 180412b bul|||||r ||||||| ||bul|| |
| 010 ## - Наследен системен номер | |
| LC control number | KNG00003527000 |
| 040 ## - Източник на каталожния запис | |
| Идентификатор на билиотеката - собственик на записа | BLK |
| 041 ## - Код за език | |
| Код за езика на текст/звукозапис или на отделно заглавие | Български |
| Код за езика КДБФ | Български |
| 080 ## - УДК | |
| Текстов определител УДК | Психоанализа |
| УДК код - определител по УДК | 159.964.2 |
| УДК - код + определител | 159.964.2 |
| 080 ## - УДК | |
| Текстов определител УДК | Ортодоксална психоанализа. Учение на Фройд. Активна психоанализа (по Щекел), нео-психоанализа |
| УДК код - определител по УДК | 615.851.134 |
| УДК - код + определител | 615.851.134 |
| 100 1# - Редна дума - Автор | |
| Автор | Фройд, Зигмунд |
| Авторска отговорност | първи автор |
| Пълна форма на името | психоаналитик |
| R(LIN) | 363413 |
| 139 ## - Редно поле | |
| Редна дума | Фройд, Зигмунд |
| Авторски знак | Фел - Ф 35 |
| 245 10 - Сведения за заглавието | |
| Заглавие | Изкуството на психоанализата |
| Редно поле (дума) | Зигмунд Фройд; прев. от нем. Жана Ценова. |
| 257 ## - Страна на издаване | |
| Страна на създаване/издаване | Австрия |
| 260 ## - Област на издателските данни | |
| Място на издаване, разпространение и проч. | София |
| Име на издателя, разпространителя и проч. | Евразия |
| Година на издаване | 1994 |
| Печатница | Пловдив : Полиграфия |
| 300 ## - Физическа характеристика | |
| Страници | 431 с. |
| Размери/Мащаб | 20 см |
| 380 ## - Жанр | |
| Жанр | Философия |
| 490 ## - СЕРИИ (Колекции) | |
| Име на серия | Imago mundi |
| 500 ## - Общи забележки | |
| Забележка | Прев. е направен от Gesammelte Werke / Sigmund Freud. - 3 020 тир. |
| 650 #4 - Допълнително описание по предмет – тема | |
| Основно описание – тема или топоним | Психоанализа |
| 9 (RLIN) | 168303 |
| 650 #4 - Допълнително описание по предмет – тема | |
| Основно описание – тема или топоним | Психотерапия |
| 9 (RLIN) | 168415 |
| 653 ## - Ключова дума – ненормативна | |
| Ключова дума | психоанализа |
| 653 ## - Ключова дума – ненормативна | |
| Ключова дума | психотерапия |
| 700 1# - Други автори (авторска отговорност) | |
| Лично име | Ценова, Жана |
| Автороска отговорност (Описва отношението между автора и произведението) | прев. от нем. |
| 9 (RLIN) | 245939 |
| 852 ## - Местоположение | |
| Форматна сигнатура | Цб 179222 |
| Фондова буква | Хранилище |
| 856 4# - Електронен адрес и достъп | |
| Електронен формат | pdf - файл |
| Път до файла /url/ | |
| 856 4# - Електронен адрес и достъп | |
| Електронен формат | pdf - файл |
| Път до файла /url/ | |
| 942 ## - АРТИКУЛИ | |
| Вид на библиотечния материал | Книги |
| Скрит в OPAC | Не |
| Koha issues (borrowed), all copies | 5 |
| 944 ## - СЪЗДАВАНЕ И РЕДАКЦИЯ на ЗАПИСА | |
| Създаване/Редакция | Създаване |
| Дата на регистрацията/редакция | 15.01.2003 |
| Статус, дата на статуса | Радостина Карадакова |
| Служител, извършил регистрацията/редакцията | 30534 |
| 944 ## - СЪЗДАВАНЕ И РЕДАКЦИЯ на ЗАПИСА | |
| Създаване/Редакция | Редакция |
| Дата на регистрацията/редакция | 01.09.2016 |
| Статус, дата на статуса | ф / |
| Служител, извършил регистрацията/редакцията | Геновева_Генчева |
| 999 ## - СИСТЕМНИ КОНТРОЛНИ НОМЕРА | |
| Koha biblionumber | 2531 |
| Koha biblioitemnumber | 2531 |
| 999 ## - СИСТЕМНИ КОНТРОЛНИ НОМЕРА | |
| Koha biblioitemnumber | 2531 |
| Код за отписване | Код за изгубен артикул | Източник на класификационната схема | Код за повреда | Коз за рестрикции | Код за отдаване | Артикулен № | Име на библиотеката - собственик | Име на библиотеката, в която се намира в момента | Статус (Текущо местоположение) | Дата на вписване в системата | Местоположение - отдел | Цена в лева | Инвентарен номер | Систематично азбучна сигнатура | Баркод | Номер на екземпляра | Цена в евро | Служебна бележка | Служебен тип на артикула |
|---|---|---|---|---|---|---|---|---|---|---|---|---|---|---|---|---|---|---|---|
| Изтеглен | Не е изгубен | Universal Decimal Classification | Не е повреден | без рестрикции | заемане за дома | 4694 | Регионална библиотека "Любен Каравелов" Русе | Регионална библиотека "Любен Каравелов" Русе | Заемна - подръчен фонд | 2001-01-01 | Заемна - подръчен фонд | 0.00 | 618200 | П 159.96/Ф 35 | 618200 | 1 | 0.00 | Дост: Pk Вид: Ф N: стар фонд Дата: 01.01.1994 | Книги |
| Не е изгубен | Universal Decimal Classification | Не е повреден | без рестрикции | ползва се в читалня | 4695 | Регионална библиотека "Любен Каравелов" Русе | Регионална библиотека "Любен Каравелов" Русе | Хранилище | 1994-01-01 | Хранилище | 2.40 | 605003 | Цб 179222 | 120000605003 | 2 | 1.23 | Дост: Dp Вид: Д N: 32 Дата: 01.01.1994 Дата инв: 06.08.2015 Бележки инв: Цб2015 | Книги | |
| Не е изгубен | Universal Decimal Classification | Не е повреден | без рестрикции | заемане за дома | 4696 | Регионална библиотека "Любен Каравелов" Русе | Регионална библиотека "Любен Каравелов" Русе | Заемна - подръчен фонд | 2016-07-11 | Заемна - подръчен фонд | 17.00 | 120000802122 | П 159.964.2/Ф 35-З | 120000802122 | 3 | 8.69 | Дост: DA Вид: А N: 27 Дата: 11.07.2016 Дата инв: 02.02.2018 Бележки инв: П2018 | Книги |